| 000 | 01745nam a2200301 a 4500 | ||
|---|---|---|---|
| 001 | 000007394 | ||
| 003 | DO-SdBNP | ||
| 005 | 20211125115443.0 | ||
| 008 | 090908s2004 dr ad 001 0 spa d | ||
| 020 | _a9993424110 | ||
| 040 |
_aDO-SdBNP _bspa _cBNPHU |
||
| 082 |
_a303.6 _bC387v |
||
| 100 | 1 |
_aCeballos Díaz, Rita María _920542 |
|
| 245 | 1 | 0 |
_aViolencia y comunidad en un mundo globalizado : _bestudio sobre la violencia en los barrios empobrecidos de la ciudad de Santo Domingo / _cRita Ceballos. |
| 260 |
_aSanto Domingo : _bCentro Cultural Poveda, _bEdiciones MSC, _c2004. |
||
| 300 |
_a274 p. : _bil., gráfcs. ; _c25 cm. |
||
| 504 | _aIncluye referencias bibliográficas y notas al pie de páginas. | ||
| 504 | _aBibliografía : p. 267-274 | ||
| 505 | 0 |
_gPrefacio: La lucha por la esperanza / _rRonald M. Cervero _gPrólogo / _gLeopoldo Artiles -- _gA manera de introducción: tejiendo a hilos cortados -- _tEl barrio un espacio creador de vida -- _tEl barrio un rostro urbano de la pobreza -- _tTipos de violencia en los barrios -- _tLos jóvenes y el tigueraje barrial -- _tSocialización, valores y trascendencia -- _tViolencia en la historia, violencia en la cultura y cultura de la violencia -- _tAtando cabos sin poder finalizar -- _gAnexos -- _gBibliografía. |
|
| 590 | _aInventariado, 2018/BT | ||
| 650 | 4 |
_aViolencia _xInvestigaciones _920543 |
|
| 650 | 4 |
_aViolencia _xAspectos morales y éticos _zRepública Dominicana, Santo Domingo _920544 |
|
| 650 | 4 |
_aPobreza _zRepública Dominicana, Santo Domingo _920545 |
|
| 650 | 4 |
_aPobreza _xAspectos sociales _z República Dominicana, Santo Domingo _920546 |
|
| 651 | 4 |
_aRepública Dominicana _xCondiciones sociales _946 |
|
| 910 | _aValidado. Control de calidad. EMS | ||
| 942 |
_2ddc _cLBS1 |
||
| 999 |
_c7175 _d7175 |
||